Quiz Vampire Diaries (Saison1) - Statistiques

Statistiques générales
  • Ce quiz a été pris 587 fois
  • Le résultat moyen est 11 sur 15
Statistiques - réponses
Question Réponse % Correct
Quelle est la particularité de Bonnie ? C'est une sorcière
97%
Quel est le nom de famille de Katherine ? Pierce
97%
Qui sont les parents d'Elena ? Isobel et John
96%
Dans la famille Gilbert, qui est l'ami d'Anna ? Jeremy
96%
Comment s'appelle le présentateur du JT de Mystic Falls ? Logan Fell
96%
Après son accident de voiture, Elena est emmenée par Damon dans un autre État, lequel ? Géorgie
94%
Quel est le nom du conseil ? Le conseil des fondateurs
94%
Dans l'épisode 1, qui retrouve-t-on dans les bois de Mystic Falls ? Vicki
92%
Qui gagne le concours de Miss Mystic Falls ? Caroline
88%
Comment s'appelle la mère de Caroline ? Elizabeth
82%
Quel est le nom du père de Damon & Stefan ? Giuseppe
77%
Comment se finit la saison 1 ? Katherine blesse John
52%
Quel est l'âge de Stefan ? 162 ans
51%
Combien de vampires sont emprisonnés dans la crypte ? 26
21%
De quelle façon Jeremy tente-t-il de devenir vampire ? Il boit le sang d'Anna et se drogue
12%
Aucun quiz correspondant
Distribution des résultats
% des personnes avec chaque résultat
Percentile par nombre de réponses
Votre historique - résultats
Vous n’avez pas pris ce quiz